Handbook of fine chemicals, vitamins, amino acids and proteins / (Record no. 135749)

MARC details
000 -LEADER
fixed length control field 00708nam a22002177a 4500
005 - DATE AND TIME OF LATEST TRANSACTION
control field 20170124110249.0
010 ## - LIBRARY OF CONGRESS CONTROL NUMBER
LC control number B-220699
020 ## - INTERNATIONAL STANDARD BOOK NUMBER
Terms of availability 1450.00
International Standard Book Number 8186623965
035 ## - SYSTEM CONTROL NUMBER
System control number B-220699
037 ## - SOURCE OF ACQUISITION
Source of stock number/acquisition Cen Lib/Ret
040 ## - CATALOGING SOURCE
Original cataloging agency DPL
Language of cataloging EN
082 ## - DEWEY DECIMAL CLASSIFICATION NUMBER
Classification number 574.192
Item number HAN
110 ## - MAIN ENTRY--CORPORATE NAME
Corporate name or jurisdiction name as entry element India.National Institute of Industrial Research
9 (RLIN) 98314
245 ## - TITLE STATEMENT
Title Handbook of fine chemicals, vitamins, amino acids and proteins /
260 ## - PUBLICATION, DISTRIBUTION, ETC. (IMPRINT)
Place of publication, distribution, etc New Delhi
Name of publisher, distributor, etc National Institute of Industrial Research
270 ## - ADDRESS
Address 106-E, Kamla Nagar
City New Delhi
Postal code 110007
300 ## - PHYSICAL DESCRIPTION
Extent 598p.
Dimensions 21cm(pbk)
650 ## - SUBJECT ADDED ENTRY--TOPICAL TERM
Topical term or geographic name as entry element Amino acids--Synthesis
9 (RLIN) 98315
650 ## - SUBJECT ADDED ENTRY--TOPICAL TERM
Topical term or geographic name as entry element Group of vitamins
9 (RLIN) 98316
942 ## - ADDED ENTRY ELEMENTS (KOHA)
Source of classification or shelving scheme Dewey Decimal Classification
Koha item type English Books
Classification part 574.192
Call number suffix HAN
Holdings
Withdrawn status Lost status Damaged status Not for loan Home library Current library Date acquired Source of acquisition Cost, normal purchase price Total Checkouts Total Renewals Full call number Barcode Date last seen Date checked out Copy number Cost, replacement price Price effective from Koha item type
        Central Library Central Library 08/10/2015 Cen Lib/Ret 1450.00 6 2 574.192 HAN B-220699 04/11/2024 14/10/2024 1 1450.00 08/10/2015 English Books

© Delhi Public Library
Hit Counter
free hit counter